=LDR 00000nam 2200000 4500 =001 INLIS000000000031505 =005 20130612133554 =008 ***********************************ind** =035 ##$$0010-061300000031505 =041 ##$$a ind =082 ##$$a 028.55 =090 ##$$a 028.55, Nat, n =100 ##$$a NATA, Koko =245 ##$$a Nilo , Kuda Nil Tsunami , Koko Nata;Editor,Syarif Nurhakim =260 ##$$a Bestari Kids $b Jakarta =300 ##$$a 30hlm., , ilus., , 21 cm =650 ##$$a BACAAN KANAK-KANAK =700 ##$$a NURHAKIM, Syerif =850 ##$$a NBPNMAT =990 ##$$a 0001/BPAP-NTB/2016